Introducción al Nuevo Testamento
Đã lưu trong:
| Tác giả chính: | |
|---|---|
| Định dạng: | Sách |
| Ngôn ngữ: | Tiếng Tây Ban Nha |
| Được phát hành: |
Barcelona
Herder
1960
|
| Loạt: | Biblioteca Herder. Sección de Sagrada Escritura, 36
|
| Những chủ đề: | |
| Các nhãn: |
Thêm thẻ
Không có thẻ, Là người đầu tiên thẻ bản ghi này!
|
MARC
| LEADER | 00000nam a2200000 a 4500 | ||
|---|---|---|---|
| 001 | UCL1250 | ||
| 003 | CL-VaPUC | ||
| 008 | 030905e19600000SP |||||||||||||||||spa|d | ||
| 082 | 0 | 4 | |a 225.61 |b WIK |2 21 |
| 100 | 0 | |a Wikenhauser, Alfred |e author |9 478154 | |
| 245 | 1 | 0 | |a Introducción al Nuevo Testamento |
| 300 | |a 419 p | ||
| 942 | |c BK | ||
| 945 | |d 20030905 00:00:00 |a vberengu | ||
| 260 | |a Barcelona |b Herder |c 1960 | ||
| 650 | 0 | |a Biblia |9 257603 | |
| 650 | 0 | |a Textos sagrados |9 257605 | |
| 650 | 0 | |a Nuevo testamento |9 257604 | |
| 583 | |a last modification |c 20030905 00:00:00 |k Rodrigo Vera | ||
| 490 | 0 | |a Biblioteca Herder. Sección de Sagrada Escritura, 36 | |
| 999 | |c 304894 |d 304892 | ||
| 952 | |0 0 |1 0 |4 0 |6 225_610000000000000_WIK_1960 |7 0 |8 A |9 367717 |a BIBTEO |b BIBTEO |d 2019-11-21 |i 2076470 |o 225.61 WIK 1960 |p 2076470 |r 2025-01-17 |w 2019-11-21 |y BK |k ICR | ||
| 952 | |0 0 |1 2 |4 0 |6 225_610000000000000_WIK_1960 |7 0 |8 A |9 367718 |a BIBTEO |b BIBTEO |d 2019-11-21 |i 2076489 |o 225.61 WIK 1960 |p 2076489 |r 2019-11-21 |w 2019-11-21 |x Descarte 2019 |y BK |k ICR | ||